000 00658nam a2200277Ia 4500
005 20260320195823.0
008 008 262003s9999 xx 000 0 hin d
020 _a9789387462472
037 _aEBOOK
040 _aCRL
040 _bhin
040 _cCRL
041 _2hin
041 _ahin
084 _qCRL
100 _aकृष्णा सोबती
_91132763
245 0 _aलेखक का जनतंत्र
250 _a1st
260 _bRajkamal
260 _c2018
300 _a216
856 _uhttps://ebook.indiaread.in/pdfs/9789387462472.pdf
942 _cEBOOK
999 _c1716684
_d1716684